An introduction to mechanics
Αποθηκεύτηκε σε:
| Κύριος συγγραφέας: | |
|---|---|
| Μορφή: | Βιβλίο |
| Γλώσσα: | Undetermined |
| Έκδοση: |
New York
Pitman publishing corporation
1947
|
| Θέματα: | |
| Ετικέτες: |
Προσθήκη ετικέτας
Δεν υπάρχουν, Καταχωρήστε ετικέτα πρώτοι!
|
| Thư viện lưu trữ: | Trung tâm Học liệu Trường Đại học Cần Thơ |
|---|
| LEADER | 00518nam a2200181Ia 4500 | ||
|---|---|---|---|
| 001 | CTU_149474 | ||
| 008 | 210402s9999 xx 000 0 und d | ||
| 082 | |a 531 | ||
| 082 | |b C187 | ||
| 100 | |a Campbell, J. W. | ||
| 245 | 3 | |a An introduction to mechanics | |
| 245 | 0 | |c J. W. Campbell | |
| 260 | |a New York | ||
| 260 | |b Pitman publishing corporation | ||
| 260 | |c 1947 | ||
| 650 | |a Mechanics, Analytic,Cơ học, phân tích | ||
| 904 | |i Trọng Hải | ||
| 980 | |a Trung tâm Học liệu Trường Đại học Cần Thơ | ||